00342nam a2200121Ia 4500008004100000100001700041245010800058260001200166260001100178260000900189300000700198650001500205160103s9999 xx 000 0 und d10aKurian,A.S.N aDetermination of Total Phenloic content and Antioxidant Activity of Borassus flabellfer Linn Fruit Pulp aColombo bIchemc c2015 a39 afruit pulp